000 02305nam a22002297a 4500
999 _c1053
_d1053
001 001375
003 CoMeUDC001375
005 20230313115742.0
008 970714s1997 ck r 10010 spa d
020 _a9586800164
040 _cCO-UdeC
082 0 4 _a620
_bA185
110 _92281
_aAsociación Colombiana de Facultades de Ingeniería
245 1 0 _aConferencia mundial sobre educación en ingeniería y líderes de la industria /
_cAsociación Colombiana de Facultades de Ingeniería.
260 _aSanta Fe de Bogotá :
_bAlmudena Editores,
_c1997.
300 _a183 p. ;
_c28 cm.
505 _aResponsabilidad profesional: ética, seguridad y salud en la educación de ingeniería en los Estados Unidos -- Orientación ambiental en ingeniería -- Criterios 2000 un nuevo enfoque a la educación en ingeniería -- La educación en ingeniería en el exterior sin prolongar los estudios - ¿qué tan eficiente es? -- Enfrentando el siglo XXI. Reforma a la educación en ingeniería -- Otro secreto del éxito japonés: papel de juse como un vehículo de cooperación universidad-industria para promover el tqm en Japón -- Innovaciones en adiestramiento usando multimedia -- Ambiente en la realidad virtual y la televirtualidad en la educación y el adiestramiento -- Calidad en la educación continuada en ingeniería -- Retos en paradigmas cambiantes para la educación en ingeniería -- Retos que enfrentan las mujeres profesionales ingenieras -- Aplicación internacional de ética para ingenieros -- Reforma educativa de la ingeniería en el período de transición: el caso de Mongolia -- Un acercamiento alternativo para un programa de formación de futuros ingenieros, profesores e investigadores, como estrategia en la formación de nuevos recursos para el desarrollo tecnológico -- Cooperación del desarrollo tecnológico entre las universidades y la industria en África -- Actualización y modernización curricular en los programas de ingeniería en Colombia -- La calidad como factor de competitividad en la educación superior -- La educación en ingeniería para la competencia en el siglo XXI
546 _aEspañol
650 0 _aIngeniería
_x Enseñanza
_v Congresos, conferencias, etc..
_91738
650 0 _aIngeniería
_x Innovaciones educativas.
_91738
942 _2ddc
_cBK